Statistics for Disney Trivia

Click here to take the quiz!

General Stats

  • This quiz has been taken 99 times
  • The average score is 9 of 13

Answer Stats

HintAnswer% Correct
What type of animal is Bolt?Dog
98%
Who was the first ever Disney Princess?Snow White
92%
Who is the villain in 101 Dalmatians?Cruella
91%
What is the name of the magical realm in Peter Pan?Neverland
83%
Which Disney movie features a lizard named Pascal?Tangled
79%
Who played Belle in the Beauty and the Beast live action?Emma Watson
77%
Which Disney Channel original movie featured the character Troy Bolton?High School Musical
77%
What is the name of the robot WALL-E falls in love with?EVE
69%
Which of the seven dwarves can't talk?Dopey
63%
Which Kingdom is the birthplace of Anna and Elsa?Arendelle
54%
What is the name of Lilo's older sister?Nani
36%
Spell the Disney movie:Disenchanted
18%
What empire did Kuzco rule in The Emperor's New Groove?Incan
17%

Score Distribution

Percentile by Number Answered

Percent of People with Each Score

Your Score History

You have not taken this quiz